Statistiques concernant Top 10 classement FIFA Avril 2024

Cliquez ici pour prendre le quiz!

Statistiques générales

  • Ce quiz a été pris 146 fois
  • Le résultat moyen est 9 sur 10

Statistiques - réponses

ClassementNation% Correct
2eFrance
100%
1erArgentine
97%
5eBrésil
95%
4eAngleterre
94%
8eEspagne
93%
3eBelgique
92%
9eItalie
92%
6ePortugal
91%
7ePays-bas
82%
10eCroatie
80%

Distribution des résultats

Percentile par nombre de réponses

% des personnes avec chaque résultat

Votre développement - résultats

Vous n’avez pas pris ce quiz